000 00495nam a22001697a 4500
999 _c163904
_d163904
005 20190504133146.0
010 _aB-261557
020 _a8188370738
_c150.00
035 _aB-261557
037 _bYoung Learner Publications
082 _a930
100 _aTames, Richard
245 _aKnowledge masters:
_bAncient world /
_cRichard Tames
260 _aNew Delhi
_bYoung Learner Publications
300 _a32p. (it include index)
_c28cm. (hbk)
942 _2ddc
_cCH
_h930
_mTAM